000 00842cab a2200265 4500
001 WB2640-34
008 090401t1990 xxu||||| |||| 00| 0 eng d
035 _a(Sirsi) u17823
041 _aeng
245 _aState rent to mortgage schemes
260 _c1990
350 _a0
490 _aTimes
_v10/10/90 p10&2
490 _aFinancial Times
_v10/10/90 p15
490 _aIndependent
_v8/10/90 p21(4)
490 _aDaily Telegraph
_v12/10/90 p 12
520 _aExamines the rent to mortgages scheme for council house tenants announced by the Minister of Housing as part of government housing policy . Looks at the pioneering Basildon and Uphall schemes.
650 _aHOME OWNERSHIP
650 _aHOMELESSNESS
650 _aOWNER-OCCUPATION
650 _aRIGHT TO BUY
690 _aHOUSING
942 _n0
948 _c04/03/1997
999 _c11823
_d11823